Electric motors / (Record no. 8735)
[ view plain ]
| 000 -LEADER | |
|---|---|
| fixed length control field | 00429cam a2200169ua 4500 |
| 003 - CONTROL NUMBER IDENTIFIER | |
| control field | OSt |
| 008 - FIXED-LENGTH DATA ELEMENTS--GENERAL INFORMATION | |
| fixed length control field | 241223b |||||||| |||| 00| 0 eng d |
| 041 ## - LANGUAGE CODE | |
| Language code of text/sound track or separate title | eng |
| 082 ## - DEWEY DECIMAL CLASSIFICATION NUMBER | |
| Classification number | 621.313 |
| Item number | MIL/EL |
| 100 ## - MAIN ENTRY--AUTHOR NAME | |
| Personal name | Miller, Rex . |
| 245 ## - TITLE STATEMENT | |
| Title | Electric motors / |
| 250 ## - EDITION STATEMENT | |
| Edition statement | 1 / |
| 260 ## - PUBLICATION, DISTRIBUTION, ETC. (IMPRINT) | |
| Place of publication | Mumbai : |
| Name of publisher | D B Taraporevala sons & Co. Pvt. Ltd. , |
| Year of publication | 1963. |
| 300 ## - PHYSICAL DESCRIPTION | |
| Number of Pages | 510 ; . |
| 700 1# - ADDED ENTRY--PERSONAL NAME | |
| Personal name | Anderson , Edwin P . |
| 942 ## - ADDED ENTRY ELEMENTS (KOHA) | |
| Koha item type | Books |
| Withdrawn status | Lost status | Damaged status | Home library | Current library | Date acquired | Full call number | Accession Number | Koha item type |
|---|---|---|---|---|---|---|---|---|
| KAUAET | KAUAET | 20/08/1986 | 621.313 MIL/EL | 15453 | Books |
